| 000 | 00601nam a22002177a 4500 | ||
|---|---|---|---|
| 003 | KOHA_MİRAKIL | ||
| 005 | 20260424103556.0 | ||
| 008 | 260421b tu ||||| |||| 00| 0 tur d | ||
| 020 | _a9789759038151 | ||
| 040 |
_aTR-AnABB _btur _cTR-AnABB |
||
| 041 | _atur | ||
| 082 |
_bAZI 2012 _a813.42 |
||
| 100 | 0 | _aAziz Nesin | |
| 245 | 1 | 0 |
_aYeşil renkli namus gazı / _cAziz Nesin |
| 250 | _a23. baskı | ||
| 260 |
_aİstanbul : _bNesin Yayıncılık, _c2012 |
||
| 300 |
_a157 sayfa ; _c20 cm |
||
| 650 | 0 | 4 | _aTürk edebiyatı, roman |
| 900 | _bCan ÇELIK | ||
| 942 |
_2ddc _cBK |
||
| 999 |
_c10325 _d10325 |
||